| 000 | 00453cam a2200169 4500 | ||
|---|---|---|---|
| 001 | D10982 | ||
| 008 | 090401t1980 xxu||||| |||| 00| 0 eng d | ||
| 035 | _a(Sirsi) u97098 | ||
| 041 | _aeng | ||
| 100 | _aLawrence, B.G. | ||
| 245 | _aEnergy conservation: methods additional to insulation | ||
| 260 | _c1980 | ||
| 350 | _a0 | ||
| 520 | _aIn RICS. Insulation in the eighties: Opportunities and problems. 1980/8 A | ||
| 942 | _n0 | ||
| 948 | _c04/03/1997 | ||
| 999 |
_c98781 _d98781 |
||